Statistics for Soulsborne Games

Click here to take the quiz!

General Stats

  • This quiz has been taken 90 times
  • The average score is 7 of 7

Answer Stats

Release YearGame% Correct
2011Dark Souls
100%
2014Dark Souls 2
100%
2016Dark Souls 3
100%
2022Elden Ring
100%
2019Sekiro: Shadows Die Twice
100%
2015Bloodborne
99%
2009Demon's Souls
96%

Score Distribution

Percentile by Number Answered

Percent of People with Each Score

Your Score History

You have not taken this quiz